Junk Food Sorting Gallery Quiz Stats

 Plays Quiz Updated Jun 26, 2017

Support Sporcle.
Go Orange.
Score 0/55 Timer 07:00
1 Play Today
% Correct
Cheddar and Sour Cream
94.3%
Barbecue
94%
Salt and Vinegar
91.3%
Jalapeño Cheddar
88.3%
Papa John's
84.5%
Pizza Hut
83.6%
Domino's
83%
Dill Pickle
82%
Little Caesar's
81.9%
Papa Murphy's
80.2%
Twinkies
79%
Ding Dongs
78.1%
Chuck E. Cheese's
77.9%
Buttered Popcorn
76.9%
Mr. Goodbar
76.6%
Licorice
76.4%
Ho Hos
76.2%
Peach
76.1%
Maui Onion
75.5%
Cheesy Garlic Bread
74.4%
Sno Balls
73.3%
Diet Pepsi
73.2%
Count Chocula
72.2%
Cupcakes
70.7%
Cracker Jack
69.7%
Mountain Dew
69.1%
Oreo
68.7%
Crunch 'n Munch
68.5%
% Correct
Whatchamacallit
67.9%
Krackle
67.6%
Fruit Pies
66.8%
Boo Berry
66%
Hidden Valley Ranch
65.1%
Franken Berry
65%
Sbarro
64.9%
5th Avenue
64.5%
Zingers
63.5%
A&W Root Beer
63.2%
Cookies 'n' Creme
62.9%
Caramel Corn
62.4%
Fiddle Faddle
62.1%
Mug Root Beer
62.1%
Poppycock
61.8%
Sierra Mist
60.6%
Toasted Marshmallow
60.4%
Pico de Gallo
59.4%
Skor
56.1%
Margarita
53.8%
Mike and Ike
52.6%
Chili Mango
50.7%
Sunkist Orange
48.9%
Hot Tamales
46.8%
Chocodiles
39.5%
Limón
33.5%
Screaming Yellow Zonkers
33.4%

You're not logged in!

Compare scores with friends on all Sporcle quizzes.
OR
Log In
Forgot?

From the Vault

Disney Animated Movies Blitz

by Nameless

Even a Disney animated short is longer than 60 seconds.
Remove Ads.
Support Sporcle.
Get the best of Sporcle when you Go Orange. This ad-free experience offers more features, more stats, and more fun while also helping to support Sporcle. Thank you for becoming a member.

Show Comments

Extras

Top Quizzes Today


Score Distribution

Your Account Isn't Verified!

In order to create a playlist on Sporcle, you need to verify the email address you used during registration. Go to your Sporcle Settings to finish the process.

Report this User

Report this user for behavior that violates our Community Guidelines.

Details: